| 000 | 04602nam a22003978i 4500 | ||
|---|---|---|---|
| 001 | BRILL9789004513877 | ||
| 003 | nllekb | ||
| 005 | 20260415154740.0 | ||
| 006 | m d | ||
| 007 | cr un uuuua | ||
| 008 | 220630s2022 ne sb 001 0 eng d | ||
| 020 |
_a9789004513877 _q(electronic book) |
||
| 020 |
_a9789004513860 _q(print) |
||
| 024 | 7 |
_a10.1163/9789004513877 _2DOI |
|
| 035 | _z(OCoLC)1320807820 | ||
| 040 |
_aNL-LeKB _cNL-LeKB _erda |
||
| 050 | 4 | _aH41 | |
| 072 | 7 |
_aJHB _2bicssc |
|
| 072 | 7 |
_aSOC _x026000 _2bisacsh |
|
| 082 | 0 | 4 |
_a303 _223 |
| 245 | 0 | 0 |
_aAgainst Better Judgement: Rethinking Multicultural Society : _bLiber Amicorum: In Honour of Professor Dr Ruben Gowricharn / _cedited by Jaswina Elahi, Sandra Trienekens Trienekens, and Hans Ramsoedh. |
| 246 | 3 | _aLiber Amicorum: In Honour of Professor Dr Ruben Gowricharn | |
| 300 | _a1 online resource | ||
| 504 | _aIncludes bibliographical references and index. | ||
| 505 | 0 | 0 |
_tPreface -- _tList of Figures and Tables -- _tNotes on Contributors -- _t1 Introduction / _rJaswina Elahi -- _tPart 1: Personal Sociology, Idealism, and Leadership -- _t2 On Personal Sociology / _rFrank Bovenkerk -- _t3 Placidity: The Real Spiritual Infrastructure for Leadership / _rFrits van Engeldorp Gastelaars -- _t4 The Retreat of Idealism: Rethinking Engagement within Polarized Societies / _rHalleh Ghorashi -- _t5 Oh My Dismal, Dismal, Science! / _rPeter A. G. van Bergeijk -- _tPart 2: Public Debate in Multicultural Society -- _t6 The Promotiekamer: An Instrument in the Dutch Public Debate / _rJaswina Elahi -- _t7 Blood, Sweat, and Footnotes / _rSlawomir Magala -- _t8 On the Use of Dutch "Slaaf" and "Totslaafgemaakte" / _rMichiel van Kempen -- _tPart 3: Migration, Integration, and Chances for Inclusive Policy -- _t9 We Are Not That Different: A Closer Look at Migrant and Non-Migrant Cultural Attitudes in the Netherlands / _rWilfred Uunk -- _t10 "Integration While Preserving Your Own Culture and Identity"? Looking Back at the Framing of the Migrant's Culture and Identity in Integration Policies in the Netherlands Nineteenth-Century China / _rRinus Penninx -- _t11 Slow Change, No Catharsis / _rSandra Trienekens -- _t12 Conditions for Label Change in a Public Dialogue about Inclusive Public Service / _rArtie Ramsodit -- _t13 Peacekeeping in Holland 2001-2010. The Organization of Dutch Policy in the Light of the Polarization around Muslims / _rHans Crebas -- _tPart 4: The Multicultural Society in Suriname and in Caribbean SIDs -- _t14 Modernity and the Middle Class in Late Colonial Paramaribo / _rRosemarijn Hoefte -- _t15 Creolization and Creole Hassle in Segmented Suriname / _rHans Ramsoedh -- _t16 UFOs over Suriname: The Reception of an American Mythology / _rTanya Wijngaarde -- _t17 The Promotiekamer Suriname-Nederland: Intellectual Capacity Building / _rSaira Jahangir-Abdoelrahman -- _t18 Encouraging Brain Gain in the Caribbean SIDs / _rMiriëla G. L. Carolina -- _tPart 5: Diaspora Communities -- _t19 The Turkish Diaspora in The Netherlands / _rGürkan Çelik -- _t20 Reflections on the Trials and Tribulations of the Indentured Diaspora / _rBrij Maharaj -- _t21 East Indians and Political Exclusion: The Case of Fiji, Guyana, and Suriname / _rChan E. S. Choenni -- _tPart 6: Homemaking -- _t22 Homemaking of the Second Generation / _rRoshni Ganpat and Wiren Gowricharn -- _tIndex. |
| 520 | 3 | _aA unique collection of essays with surprising twists on multiculturalism, social science, and scholarship covering different societies. | |
| 520 | _aThe topics addressed in this book varies from issues in multicultural society to scholarship. In fourteen short essays the authors discuss crucial topics, including (personal sociology, arts, policy making, creolisation, diaspora communities, minority empowerment, political exclusion, homemaking, practice of science). This liber amicorum offers a unique collection of essays that opens a fresh window for everybody interested in multicultural societies, history, arts and social science. The contributions to this book represents a fine scholarship dealing with contemporary issues in society and academia. | ||
| 650 | 0 | _aCritical Social Sciences. | |
| 650 | 0 | _aSocial Sciences. | |
| 700 | 1 |
_aRamsoedh, Hans, _eeditor. |
|
| 700 | 1 |
_aTrienekens, Sandra Trienekens, _eeditor. |
|
| 700 | 1 |
_aElahi, Jaswina, _eeditor. |
|
| 776 | 0 | 8 |
_iPrint version: _tAgainst Better Judgement: Rethinking Multicultural Society : Liber Amicorum: In Honour of Professor Dr Ruben Gowricharn. _dLeiden ; Boston : Brill, 2022. _z9789004513860 |
| 856 | 4 | _uhttp://dx.doi.org/10.1163/9789004513877 | |
| 942 |
_2ddc _cE-BOOK |
||
| 999 |
_c49403 _d49403 |
||